| 000 | 00677cam a2200205 a 4500 | ||
|---|---|---|---|
| 001 | 12428622 | ||
| 005 | 20250407165550.0 | ||
| 008 | 010601s2001 enka b 001 0 eng | ||
| 020 | _a027364694X (pbk.) | ||
| 050 | 0 | 0 |
_aHD30.25 _b.W384 2001 |
| 082 | 0 | 0 |
_a658.4/03 _221 |
| 100 | 1 |
_aWaters, C. D. J. _q(C. Donald J.), _d1949- |
|
| 245 | 1 | 0 |
_aQuantitative methods for business / _cDonald Waters. |
| 250 | _a3rd ed. | ||
| 260 |
_aHarlow, England ; _aNew York : _bFinancial Times/Prentice Hall, _c2001. |
||
| 300 |
_axvii, 630 p. : _bill. ; _c25 cm. |
||
| 650 | 0 |
_aIndustrial management _xMathematical models. |
|
| 650 | 0 |
_aDecision making _xMathematical models. |
|
| 942 |
_2lcc _cBK _n0 |
||
| 999 |
_c5385 _d5385 |
||